000 01003nam0a22002411 4500
001 rc\583187
005 20031121162954.9
035 _a(NLR Aleph) 005830495
090 _a5574964
_c5574964
100 _a20031121d1987 u |0rusy50 ca
101 0 _arus
102 _aRU
105 _ay |||||||||
200 1 _aОБСЛЕДОВАНИЕ и диспансеризация лиц однократно установленным бактериовыделением
_eМетод. рекомендации
_fМ-во здравоохранения ЛитССР, [НИИ турберкулеза
_gПодгот. к. м. н. А.П. Бобченок]
210 _aВильнюс
_cНИИ туберкулеза ЛитССР
_d1987
215 _a15 с.
_d20
702 1 _aБобченок
_bА. П.
_gАлла Петровна
_4570
712 0 1 _aЛитССР
_bМ-во здравоохранения
801 0 _aRU
_bNLR
_gpsbo
801 1 _aRU
_bELAR
_2rusmarc
852 _aNLR
_j88-4/8911
942 _cBOOK
980 _aNB